[Event "Tatry Open 2013"]
[Site "Tatranske Zruby SVK"]
[Date "2013.09.29"]
[Round "1.25"]
[White "Steiner,B"]
[Black "Kernazhitsky,L"]
[Result "1-0"]
[WhiteElo "2143"]
[BlackElo "2268"]

1.c4 e5 2.g3 Nf6 3.Bg2 d5 4.cxd5 Nxd5 5.Nf3 Nc6 6.O-O Be7 7.Nc3 Nb6 8.a3 O-O
9.b4 Be6 10.Bb2 f6 11.Ne4 Nc4 12.Bc3 Bd5 13.d3 Nd6 14.Nxd6 Bxd6 15.e4 Bf7
16.b5 Ne7 17.d4 exd4 18.Qxd4 Ng6 19.Bb4 Be5 20.Qxd8 Rfxd8 21.Nxe5 Nxe5 22.Rfc1 c6
23.bxc6 Nxc6 24.f4 Rd4 25.Bc5 Rd2 26.Rab1 Rad8 27.Rxb7 Na5 28.Rxa7 Nb3 29.Rc3 Rd1+
30.Kf2 R8d2+ 31.Kf3 Bh5+ 32.g4 Bxg4+ 33.Kxg4 Rxg2+ 34.Kf5 Nxc5 35.Rxc5 Rd8
36.h3 h5 37.a4 Kh7 38.Ke6 Re8+ 39.Re7 Rxe7+ 40.Kxe7 Kg6 41.a5 Ra2 42.e5 fxe5
43.fxe5 Ra4 44.e6 Rb4 45.a6 Ra4 46.Rc6 h4 47.Kd7 Rd4+ 48.Rd6  1-0

[Event "23rd EYCC Open U18 2013"]
[Site "Budva MNE"]
[Date "2013.10.01"]
[Round "3.37"]
[White "Verhelst,J"]
[Black "Danov,Radi"]
[Result "1/2-1/2"]
[WhiteElo "2059"]
[BlackElo "2031"]

1.c4 e5 2.g3 Nc6 3.Bg2 Bc5 4.Nc3 a6 5.e3 d6 6.Nge2 Ba7 7.d4 Nge7 8.d5 Nb8
9.b4 Nd7 10.Ne4 f5 11.Ng5 Nf6 12.O-O h6 13.Ne6 Bxe6 14.dxe6 Qc8 15.b5 Bc5
16.Qb3 a5 17.a4 Rb8 18.Bd2 b6 19.Bd5 Nfxd5 20.cxd5 Qb7 21.Nc3 O-O 22.Rad1 Qc8
23.Kg2 Qe8 24.f4 e4 25.Ne2 Qh5 26.Rf2 g5 27.Bc1 Ng6 28.Bb2 Rbe8 29.Qc3 Re7
30.Rg1 Qg4 31.Kh1 Qh3 32.Nd4 g4 33.Nc6 Rh7 34.e7 Nxe7 35.Nxe7+ Rxe7 36.Qh8+ Kf7
37.Qg7+ Ke8 38.Qg6+ Ref7 39.Rc2 Ke7 40.Bg7 Rxg7 41.Qxg7+ Rf7 42.Qg6 Kf8 43.Rd1 h5
44.Rxc5 bxc5 45.b6 cxb6 46.Qxd6+ Kg7 47.Qe5+ Kg6 48.Qe6+ Kg7 49.d6 h4 50.d7 hxg3
51.Qa2 Rf8 52.Qb2+ Kf7 53.Qd2 Kg6 54.Qa2 c4 55.Rd6+ Kh5 56.Qg2 Qxg2+ 57.Kxg2 Rd8
58.hxg3 c3 59.Rc6 Rxd7 60.Rxc3 Rd3 61.Rc6 Rxe3 62.Kf2 Rb3 63.Rf6 Rb4 64.Rxf5+ Kg6
65.Rd5 Rxa4  1/2-1/2

[Event "TCh-Moscow GpA 2013"]
[Site "Moscow RUS"]
[Date "2013.10.01"]
[Round "7.4"]
[White "Ustinov,Alexe"]
[Black "Romanov,St"]
[Result "0-1"]
[WhiteElo "2105"]
[BlackElo "2066"]

1.c4 e5 2.g3 Nf6 3.Bg2 d5 4.cxd5 Nxd5 5.Nf3 Nc6 6.Nc3 Nb6 7.O-O Be7 8.d3 g5
9.a3 h5 10.b4 g4 11.Nd2 h4 12.b5 Nd4 13.e3 Nf5 14.Nb3 Qd6 15.e4 Ng7 16.Be3 Qg6
17.Re1 Be6 18.d4 hxg3 19.hxg3 exd4 20.Nxd4 O-O-O 21.Nd5 Nxd5 22.exd5 Bxd5
23.Bxd5 Rxd5 24.Qc2 Qxc2 25.Nxc2 Ne6 26.a4 Rhd8 27.Kg2 Rd3 28.Rec1 b6 29.Ne1 Rb3
30.Rc4 f5 31.Rac1 Ba3 32.R1c3 Rxc3 33.Rxc3 Bb4 34.Rc6 Rd6 35.Rxd6 cxd6 36.Nc2 Bc3
37.f3 d5 38.fxg4 fxg4 39.Bf4 d4 40.Kf1 Kd7 41.Ke2 Nxf4+ 42.gxf4 Ke6  0-1

[Event "Tatry Open 2013"]
[Site "Tatranske Zruby SVK"]
[Date "2013.10.01"]
[Round "3.6"]
[White "Pcola,Pa"]
[Black "Bhakti,K"]
[Result "1-0"]
[WhiteElo "2387"]
[BlackElo "2285"]

1.c4 e5 2.g3 Nf6 3.Bg2 d6 4.Nc3 g6 5.d4 exd4 6.Qxd4 Bg7 7.b3 Nc6 8.Qd2 O-O
9.Bb2 Bf5 10.Nf3 Ne4 11.Nxe4 Bxe4 12.O-O Re8 13.Rad1 Qe7 14.Rfe1 Rad8 15.Bxg7 Kxg7
16.Qc3+ Qf6 17.Qxf6+ Kxf6 18.Nd4 Bxg2 19.Kxg2 Nxd4 20.Rxd4 Re5 21.e4 Rde8
22.f4 R5e6 23.Kf3 Kg7 24.Red1 R8e7 25.R1d2 Re8 26.b4 f5 27.exf5 gxf5 28.Rd5 Re3+
29.Kf2 Kg6 30.c5 dxc5 31.Rxc5 c6 32.b5 cxb5 33.Rxb5 b6 34.a4 R8e7 35.a5 R3e6
36.axb6 axb6 37.Rdb2 h5 38.Rxb6 h4 39.gxh4 Kh5 40.Rxe6 Rxe6 41.Kf3 Kxh4 42.Rb8 Kh5
43.Rg8 Rf6 44.Kg3 Rg6+ 45.Rxg6 Kxg6 46.Kf2 Kh5 47.Ke2 Kh4 48.Kd3 Kg4 49.Ke3 Kh5  1-0

[Event "Tatry Open 2013"]
[Site "Tatranske Zruby SVK"]
[Date "2013.10.01"]
[Round "4.9"]
[White "Korpa,B"]
[Black "Cherednichenko,E"]
[Result "1-0"]
[WhiteElo "2351"]
[BlackElo "2177"]

1.c4 e5 2.g3 g6 3.Bg2 Bg7 4.Nc3 Nc6 5.e4 d6 6.Nge2 Nge7 7.d3 Be6 8.O-O O-O
9.Nd5 h6 10.Be3 Nd4 11.f4 Bg4 12.Bxd4 exd4 13.h3 Bxe2 14.Qxe2 c6 15.Nxe7+ Qxe7
16.h4 h5 17.Qf3 Rae8 18.b4 b6 19.a4 d5 20.cxd5 cxd5 21.e5 Qxb4 22.Qxd5 Rc8
23.f5 Kh7 24.e6 Rcd8 25.Qb7 Rb8 26.Qe4 Qd6 27.exf7 Qxg3 28.fxg6+ Kh6 29.Rf3 Qxg6
30.Qxg6+ Kxg6 31.Raf1 Rbd8 32.Rg3+ Kh6 33.Be4 Rd6 34.Rg5 Re6 35.Rff5 Bf6
36.Rxh5+ Kg7 37.Rh7+  1-0

[Event "23rd EYCC Open U18 2013"]
[Site "Budva MNE"]
[Date "2013.10.05"]
[Round "6.37"]
[White "Zajic,Milun"]
[Black "Espinosa Cancino,Miguel"]
[Result "1/2-1/2"]
[WhiteElo "1931"]
[BlackElo "1787"]

1.c4 e5 2.g3 g6 3.Bg2 Bg7 4.Nc3 Nc6 5.d3 Nge7 6.e4 d6 7.Be3 Be6 8.Nd5 O-O
9.Ne2 Qd7 10.O-O f5 11.Qd2 Rf7 12.f4 Raf8 13.Nec3 Kh8 14.a3 Nd4 15.Rae1 Nc8
16.Ne2 Nxe2+ 17.Rxe2 fxe4 18.Nb4 exd3 19.Qxd3 exf4 20.Bxf4 Bh3 21.Rfe1 Bxg2
22.Kxg2 Qg4 23.h3 Qd7 24.b3 Nb6 25.Re6 Kg8 26.R1e2 a5 27.Nd5 Qc6 28.Kh2 Nxd5
29.cxd5 Qc5 30.a4 Rf5 31.Rc2 Qb6 32.Be3 Qb4 33.Re4 Qe1 34.Bf4 Qb1 35.Re7 Bd4
36.h4 Qg1+ 37.Kh3 Qh1+ 38.Rh2 Qxd5 39.Rxc7 b6 40.Re2 Qh1+ 41.Rh2 Qd5 42.Re2 Qh1+
43.Rh2 Qd5 44.Re2  1/2-1/2

[Event "23rd EYCC Open U18 2013"]
[Site "Budva MNE"]
[Date "2013.10.05"]
[Round "6.15"]
[White "Kriebel,T"]
[Black "Osmanodja,F"]
[Result "1-0"]
[WhiteElo "2365"]
[BlackElo "2275"]

1.c4 e5 2.g3 Nf6 3.Bg2 Nc6 4.Nc3 Bb4 5.Nd5 a5 6.Nf3 O-O 7.O-O e4 8.Nh4 Re8
9.d3 Nxd5 10.cxd5 exd3 11.exd3 Nd4 12.Be3 Qf6 13.Rc1 c6 14.Rc4 Nb5 15.Rf4 Qd8
16.Nf5 Bf8 17.Qh5 g6 18.Nh6+ Bxh6 19.Qxh6 f6 20.Be4 Re7 21.Bxg6 hxg6 22.Rh4 Qf8
23.Qh8+ Kf7 24.Rh7+ Ke8 25.Rxe7+ Kxe7 26.Bc5+ d6 27.Re1+ Be6 28.Rxe6+ Kd7
29.Qh7+ Kc8 30.Bb6 Ra6 31.Qxg6 Rxb6 32.Re8+ Qxe8 33.Qxe8+ Kc7 34.Qe7+ Kb8
35.a4 Nd4 36.Qxd6+ Ka7 37.Qxf6 c5 38.Qd8 Nf3+ 39.Kg2 Ne1+ 40.Kf1 Nxd3 41.d6  1-0

[Event "23rd EYCC Girls U18 2013"]
[Site "Budva MNE"]
[Date "2013.10.06"]
[Round "7.17"]
[White "Morea,G"]
[Black "Usoltseva,P"]
[Result "0-1"]
[WhiteElo "1902"]
[BlackElo "1862"]

1.c4 e5 2.g3 Nf6 3.Bg2 d5 4.cxd5 Nxd5 5.Nc3 Nb6 6.Nf3 Nc6 7.O-O Be7 8.a3 a5
9.d3 Be6 10.Qc2 O-O 11.e3 a4 12.Qe2 Qd7 13.Rd1 Rad8 14.Rd2 f5 15.b4 axb3
16.Bb2 Ra8 17.Rdd1 Ra5 18.Nd2 Rfa8 19.Nc4 Nxc4 20.dxc4 Qc8 21.Nb5 Na7 22.Bxe5 Nxb5
23.cxb5 Bxa3 24.Bc3 Ra4 25.Rab1 c6 26.bxc6 bxc6 27.Qd2 Bf8 28.Bb2 R8a7 29.Qc3 c5
30.Bd5 c4 31.Qe5 Bxd5 32.Qxd5+ Kh8 33.Bc3 Ra2 34.Qd4 Rc7 35.Rbc1 Qb7 36.Bb2 Rc8
37.Rb1 Qc7 38.Bc3 Qc6 39.Qf4 Rc2 40.Rbc1 Rxc1 41.Rxc1 Qd5 42.Bd4 Ba3 43.Rd1 Kg8
44.Qg5 Qf7 45.Bc3 Be7 46.Qf4 Bf6 47.Qxf5 Re8 48.Rd7 Qe6 49.Qb5 Bxc3 50.Rd6 Qxd6
51.Qxe8+ Qf8 52.Qe6+ Kh8 53.Qxc4 b2 54.Qd3 Qb8 55.Qb1 h6 56.Kg2 Qb4 57.f3 Bf6
58.Kh3 Qb3 59.f4 Qxe3 60.f5 Qf3 61.Qc2 Qf1+ 62.Kg4 b1=Q  0-1

[Event "23rd EYCC Open U18 2013"]
[Site "Budva MNE"]
[Date "2013.10.07"]
[Round "8.38"]
[White "Verhelst,J"]
[Black "Copi,Ambroz"]
[Result "1/2-1/2"]
[WhiteElo "2059"]
[BlackElo "1801"]

1.c4 e5 2.g3 Nc6 3.Bg2 g6 4.Nc3 Bg7 5.Nf3 Nge7 6.O-O O-O 7.Rb1 a5 8.a3 d6
9.d3 h6 10.b4 axb4 11.axb4 f5 12.c5 d5 13.b5 Nb8 14.Bb2 Be6 15.Na4 Nd7 16.Qc2 c6
17.Nb6 Nxb6 18.cxb6 d4 19.Qc5 Bd5 20.Ra1 Rxa1 21.Rxa1 cxb5 22.Ba3 Rf7 23.Qxb5 Bc6
24.Bxe7 Rxe7 25.Qc5 Kh7 26.Nd2 Re6 27.Nc4 e4 28.Na5 Qd7 29.dxe4 fxe4 30.Bh3 Qd6
31.Rc1 d3 32.Qxd6 Rxd6 33.exd3 exd3 34.Nxc6 d2 35.Rd1 Rxc6 36.Rxd2 Rxb6 37.Kg2 Rf6
38.Bd7 b6 39.Rd5 Rf7 40.f4 Rf6  1/2-1/2

[Event "23rd EYCC Open U16 2013"]
[Site "Budva MNE"]
[Date "2013.10.07"]
[Round "8.35"]
[White "Taylor,Adam C"]
[Black "Ersoz,B"]
[Result "1/2-1/2"]
[WhiteElo "2034"]
[BlackElo "1903"]

1.c4 e5 2.g3 Nf6 3.Bg2 d5 4.cxd5 Nxd5 5.Nc3 Nb6 6.Nf3 Nc6 7.O-O Be7 8.a3 a5
9.d3 g5 10.Be3 h5 11.Qc1 g4 12.Nd2 Be6 13.Rd1 h4 14.Nc4 Nd5 15.Ne4 h3 16.Bh1 Nxe3
17.Qxe3 Rb8 18.Nc3 Nd4 19.Qxe5 Bf6 20.Qxa5 b5 21.Nd2 Rh5 22.Qa6 Rb6 23.Qa8 Qxa8
24.Bxa8 c6 25.e3 Nb3 26.Nxb3 Bxb3 27.Ne4 Be7 28.Rdc1 Kd7 29.Rc3 Bd5 30.Nc5+ Bxc5
31.Rxc5 Rh8 32.Rxd5+ cxd5 33.Bxd5 f5 34.Rc1 Rd6 35.e4 Re8 36.f4 Rxd5 37.exd5 Re2
38.b3 Ra2 39.a4 bxa4 40.bxa4 Kd6 41.Re1 Rg2+ 42.Kh1 Ra2  1/2-1/2

[Event "23rd EYCC Open U16 2013"]
[Site "Budva MNE"]
[Date "2013.10.08"]
[Round "9.35"]
[White "Taylor,Adam C"]
[Black "Zirkelbach,Maj"]
[Result "1-0"]
[WhiteElo "2034"]
[BlackElo "1836"]

1.c4 e5 2.g3 Nf6 3.Bg2 d5 4.cxd5 Nxd5 5.Nc3 Nb6 6.Nf3 Nc6 7.O-O Be7 8.a3 Be6
9.b4 O-O 10.d3 f6 11.Bb2 a5 12.b5 Nd4 13.Nxd4 exd4 14.Na4 Bd5 15.Nxb6 cxb6
16.Qa4 Bxg2 17.Kxg2 Qd5+ 18.Kg1 Bc5 19.Qc4 Qxc4 20.dxc4 Rfe8 21.Rfe1 Re4
22.Rad1 Rc8 23.Rd2 d3 24.Rxd3 Rxc4 25.Red1 Rc2 26.R1d2 Bf8 27.Rxc2 Rxc2 28.Bd4 Rxe2
29.Bxb6 Re5 30.a4 Bb4 31.Rd7 Re7 32.Rxe7 Bxe7 33.Bxa5 Bc5 34.Kf1 Kf7 35.Ke2 Ke6
36.Be1 Kd5 37.Kd3 b6 38.f3 Bd6 39.Bc3 h5 40.Bd4 Bc7 41.g4 g6 42.gxh5 gxh5
43.h3 f5 44.Be3 Bd8 45.Kc3 Bc7 46.Kb4 Ke5 47.Kc4 Bd8 48.Bc1 Be7 49.Bd2 Bd8
50.Be3 Bc7 51.Bg1 Ke6 52.Bf2 Ke5 53.Bg3+ f4 54.Be1 Bd8 55.Bc3+ Ke6 56.Kd4 Bf6+
57.Kd3 Bg5 58.Ke4 Be7 59.Be5 Bb4 60.Bxf4 Kf6 61.Be3 Ba5 62.f4 Ke6 63.f5+ Kf6
64.Kf4 h4 65.Bd4+  1-0

[Event "7th Univ Cent Open 2013"]
[Site "Bogota COL"]
[Date "2013.10.11"]
[Round "3.13"]
[White "Gonzalez Vidal,Y"]
[Black "Corredor Rengifo,Luis Fernando"]
[Result "1-0"]
[WhiteElo "2523"]
[BlackElo "2011"]

1.c4 e5 2.g3 Nf6 3.Bg2 d5 4.cxd5 Nxd5 5.Nc3 Nb6 6.Nf3 Nc6 7.O-O Be7 8.a3 a5
9.d3 O-O 10.Be3 Be6 11.Rc1 Nd5 12.Nxd5 Bxd5 13.Qa4 f6 14.Rc2 Bd6 15.Rfc1 Ne7
16.Nd2 Kh8 17.Nc4 Bxg2 18.Kxg2 Nd5 19.Qb5 Nxe3+ 20.fxe3 f5 21.Qxb7 f4 22.Nd2 fxg3
23.hxg3 Qg5 24.Qe4 Qf5 25.Qxf5 Rxf5 26.Rf1 Rxf1 27.Kxf1 Kg8 28.Kg2 Kf7 29.Nc4 Ke6
30.e4 Ra6 31.e3 g6 32.d4 c6 33.Kf3 Bb8 34.g4 Bd6 35.g5 Bb8 36.Kg4 Bd6 37.Rf2 Bb8
38.Rf8 Bc7 39.Rf6+ Ke7 40.d5 Ra7 41.d6+ Bxd6 42.Rxd6  1-0

[Event "TCh-SUI 2013"]
[Site "Switzerland SUI"]
[Date "2013.10.12"]
[Round "8.6"]
[White "Fend,J"]
[Black "Georgiadis,I"]
[Result "1/2-1/2"]
[WhiteElo "2238"]
[BlackElo "2449"]

1.g3 e5 2.c4 Nf6 3.Bg2 d5 4.cxd5 Nxd5 5.Nc3 Nb6 6.Nf3 Nc6 7.O-O Be7 8.a3 a5
9.d3 O-O 10.Be3 Be6 11.Rc1 a4 12.Bxb6 cxb6 13.Nxa4 e4 14.Nd2 exd3 15.exd3 Qxd3
16.Nxb6 Rad8 17.Ndc4 Qf5 18.Qf3 Qg5 19.h4 Qb5 20.a4 Qb4 21.Qc3 Qc5 22.Qe3 Nd4
23.Rfe1  1/2-1/2

[Event "TCh-FIN SM 2013-14"]
[Site "Jyvaskyla FIN"]
[Date "2013.10.13"]
[Round "4.3"]
[White "Luukkonen,T"]
[Black "Agopov,M"]
[Result "0-1"]
[WhiteElo "2291"]
[BlackElo "2440"]

1.c4 e5 2.g3 Nf6 3.Bg2 d5 4.cxd5 Nxd5 5.Nc3 Nb6 6.Nf3 Nc6 7.O-O Be7 8.d3 O-O
9.a3 a5 10.Be3 Be6 11.Rc1 Re8 12.Ne4 Bd5 13.Nc3 Be6 14.Na4 Nd5 15.Bd2 Qd7
16.Nc5 Bxc5 17.Rxc5 b6 18.Rxc6 Qxc6 19.Nxe5 Qb5 20.e4 Ne7 21.Bc3 c5 22.f4 f6
23.Ng4 Rad8 24.f5 Rxd3 25.Nxf6+ gxf6 26.Qg4+ Ng6 27.fxe6 Qb3 28.e7 Rxc3 29.bxc3 Qxc3
30.h4 Kf7 31.h5 Nxe7 32.Qf4 Qd4+ 33.Kh2 Rg8 34.Qc7 Rg5 35.Rf5 Rxf5 36.exf5 c4
37.Kh3 b5 38.a4 Qd1 39.g4 Qd3+ 40.Kh2 b4 41.g5 fxg5 42.Qe5 Qxf5 43.Bd5+ Ke8
44.Qb8+ Kd7 45.Qa7+ Kd6 46.Bg2 Qc5 47.Qb8+ Qc7 48.Qh8 c3 49.Qxh7 c2  0-1

[Event "TCh-ISL Div1 2013-14"]
[Site "Reykjavik ISL"]
[Date "2013.10.13"]
[Round "5.2"]
[White "Kjartansson,G"]
[Black "Van Kampen,R"]
[Result "0-1"]
[WhiteElo "2447"]
[BlackElo "2607"]

1.c4 e5 2.g3 Nc6 3.Nc3 Bc5 4.Bg2 a6 5.Nf3 d6 6.d3 Nge7 7.a3 O-O 8.e3 Ba7
9.b3 Rb8 10.Bb2 Bf5 11.O-O b5 12.b4 Qd7 13.Rc1 h6 14.cxb5 axb5 15.d4 exd4
16.exd4 Bg4 17.Ne2 Nd5 18.h3 Be6 19.Qd2 Nce7 20.Kh2 c6 21.Rcd1 Ng6 22.Ne1 Nb6
23.Bc1 Rbe8 24.Nd3 Bc4 25.Rg1 Nd5 26.Bb2 Qf5 27.Nec1 Qf6 28.Ne1 Re7 29.Nc2 Rfe8
30.Rde1 Qf5 31.Rxe7 Rxe7 32.Re1 Rxe1 33.Nxe1 Nf8 34.Nc2 Ne6 35.h4 g5 36.Bh3 Qf6
37.Bxe6 fxe6 38.hxg5 hxg5 39.Kg1 Qf5 40.Ne1 Kf7 41.Ncd3 Qe4 42.Nc1 Kg6 43.Ncd3 Bxd4
44.Bxd4 Qxd4 45.Kh2 e5 46.Nf3 Qxd3 47.Qxd3+  0-1

[Event "TCh-FIN SM 2013-14"]
[Site "Tampere FIN"]
[Date "2013.10.13"]
[Round "4.4"]
[White "Koykka,P"]
[Black "Sisatto,O"]
[Result "0-1"]
[WhiteElo "2290"]
[BlackElo "2249"]

1.c4 e5 2.g3 c6 3.d4 exd4 4.Qxd4 Nf6 5.Bg2 Na6 6.Nf3 Bc5 7.Qe5+ Be7 8.O-O O-O
9.Nc3 d6 10.Qd4 Qa5 11.Bf4 Rd8 12.Qe3 Re8 13.Qd2 Qh5 14.Rad1 Be6 15.b3 Rad8
16.Ng5 Bc8 17.h3 h6 18.g4 Qg6 19.Nf3 Nc5 20.Nd4 h5 21.f3 d5 22.cxd5 Nxd5
23.Nxd5 Rxd5 24.e4 Rd7 25.Qc2 hxg4 26.hxg4 Rxd4 27.Rxd4 Ne6 28.Be3 Nxd4 29.Bxd4 b6
30.Rd1 Bg5 31.Qe2 Qh6 32.Bf2 Bf4 33.Kf1 c5 34.Re1 Rd8 35.Rd1 Rxd1+ 36.Qxd1 Ba6+
37.Ke1 Qf6  0-1

[Event "TCh-Belgrade Premier liga 2013"]
[Site "Belgrade SRB"]
[Date "2013.10.15"]
[Round "4.1"]
[White "Jovic,A"]
[Black "Djuric,S"]
[Result "1-0"]
[WhiteElo "2388"]
[BlackElo "2442"]

1.c4 e5 2.g3 c6 3.d4 exd4 4.Qxd4 d5 5.Bg2 Nf6 6.Nf3 Be7 7.O-O c5 8.Qd1 d4
9.Ne5 O-O 10.e3 Na6 11.Na3 Re8 12.Re1 Bd6 13.Nd3 dxe3 14.Bxe3 Bg4 15.Qb3 Rb8
16.Nb5 Bf8 17.Bf4 Rxe1+ 18.Rxe1 Nb4 19.Nxb4 cxb4 20.Bxb8 Qxb8 21.h3 Bd7 22.Qd3 a6
23.Nd4 Qc8 24.Kh2 h6 25.Nb3 h5 26.Qd4 Be6 27.Rc1 Qc7 28.c5 a5 29.Qf4 Qxf4
30.gxf4 Bxb3 31.axb3 Nd7 32.c6 bxc6 33.Rxc6 Nc5 34.Bd5 Nd3 35.Kg3 Nxb2 36.Ra6 Nd1
37.Rxa5 Nc3 38.Bc4 Ne4+ 39.Kf3 Nd6 40.Rxh5 g6 41.Ra5 Be7 42.Ra7 Kf8 43.Bd3 f5
44.Ra8+ Kf7 45.Rb8 Ke6 46.Rxb4 Kd5 47.Ra4 Bf6 48.Ke3 Bb2 49.Ra5+ Ke6 50.Bc4+ Ke7
51.Bd5 Bc1+ 52.Kf3 Bd2 53.Ra6 Bb4 54.h4 Bc3 55.Rc6 Bf6 56.Rc7+ Kf8 57.Rh7 Bg7
58.h5 gxh5 59.Rxh5 Ke7 60.Rh7 Kf6 61.Rh1 Nb5 62.Re1 Nd4+ 63.Kg3 Bf8 64.Bc4 Ba3
65.Rd1 Bc5 66.b4 Bb6 67.Re1 Bc7 68.b5 Bb6 69.Re5 Bc7 70.Rd5 Ne6 71.Kf3 Bxf4
72.b6 Bb8 73.Bd3 f4 74.Kg4 Ke7 75.Bb5 Kf6 76.f3 Ke7 77.Kf5 Ng7+ 78.Kg6 Ne8
79.Bxe8 Kxe8 80.Kf6  1-0

[Event "SPICE Cup Open 2013"]
[Site "St Louis USA"]
[Date "2013.10.17"]
[Round "4.13"]
[White "Kavutskiy,K"]
[Black "Hendrickson,Nolan R"]
[Result "1/2-1/2"]
[WhiteElo "2272"]
[BlackElo "2178"]

1.c4 e5 2.g3 Nc6 3.Bg2 f5 4.Nc3 Nf6 5.a3 g6 6.d3 Bg7 7.Bg5 Nd4 8.e3 Ne6 9.Bxf6 Qxf6
10.Nge2 O-O 11.O-O c6 12.f4 d6 13.Qd2 Nc7 14.d4 e4 15.d5 c5 16.g4 Bd7 17.Ng3 Qf7
18.gxf5 gxf5 19.Bh3 Rab8 20.Kh1 b5 21.Rg1 bxc4 22.Bf1 Nb5 23.Bxc4 Nxc3 24.bxc3 Kh8
25.Rac1 Bb5 26.Qe2 Bxc4 27.Qxc4 Rb2 28.Rb1 Qb7 29.Rxb2 Qxb2 30.Qa4 Qf2 31.Qd7 Qf3+
32.Rg2 Qd1+ 33.Rg1 Qf3+ 34.Rg2 Qd1+ 35.Rg1 Qf3+  1/2-1/2

[Event "3rd Central Asia Cup"]
[Site "Dushanbe TJK"]
[Date "2013.10.18"]
[Round "7.5"]
[White "Kostenko,P"]
[Black "Igonin,Temur"]
[Result "1-0"]
[WhiteElo "2500"]
[BlackElo "2068"]

1.c4 e5 2.g3 Nf6 3.Bg2 d5 4.cxd5 Nxd5 5.Nc3 Nb6 6.a3 Be7 7.Nf3 Nc6 8.b4 O-O
9.b5 Nd4 10.Nxe5 Bf6 11.f4 Qe7 12.e3 Bxe5 13.fxe5 Bg4 14.Qxg4 Nc2+ 15.Ke2 Nxa1
16.Bb2 Nb3 17.Ne4 Rad8 18.Bc3 Nd7 19.Nf6+ Kh8 20.Nxd7 Rxd7 21.Qb4 Nc5 22.d4 b6
23.dxc5 bxc5 24.Qc4 Rfd8 25.h4 Rd3 26.Be4 R3d7 27.Bb1 Qe6 28.Qxe6 fxe6 29.Ba2 Re7
30.Rf1 Kg8 31.Rf4 c6 32.Ba5 Rb8 33.a4 cxb5 34.axb5 Rxb5 35.Bc3 Rb6 36.Ra4 h5
37.Ra5 Rc7 38.Bc4 Kf7 39.Ra1 Rcb7 40.Bd3 Rd7 41.Rf1+ Ke7 42.Bg6 Rb3 43.Ba5 Rb2+
44.Ke1 Rbb7 45.Rf7+ Ke8 46.Rf4+ Ke7 47.Bxh5 c4 48.Bg6 c3 49.Rf7+ Ke8 50.Rxg7+ Kf8
51.Rxd7 Rxd7 52.Bxc3 Kg7 53.Bc2 Rd5 54.Bd4 Ra5 55.g4 Ra2 56.Bb3 Rg2 57.Bxe6 a5
58.Bf5  1-0

[Event "SPICE Cup Open 2013"]
[Site "St Louis USA"]
[Date "2013.10.18"]
[Round "7.8"]
[White "Lenderman,A"]
[Black "Kavutskiy,K"]
[Result "1/2-1/2"]
[WhiteElo "2539"]
[BlackElo "2272"]

1.g3 e5 2.c4 Nf6 3.Bg2 Nc6 4.Nc3 Bb4 5.Nd5 Bc5 6.e3 d6 7.Ne2 a6 8.O-O O-O
9.d4 Ba7 10.Ndc3 Rb8 11.b3 Re8 12.h3 h6 13.Qd3 Bd7 14.Bb2 Qc8 15.Kh2 Bf5
16.Qd2 exd4 17.exd4 Qd7 18.Rac1 Ne4 19.Nxe4 Bxe4 20.d5 Bxg2 21.Kxg2 Qf5 22.Nf4 Ne5
23.Qc2 Qxc2 24.Rxc2 Nd7 25.Rfc1 Re4 26.b4 Rbe8 27.c5 Rxb4 28.cxd6 cxd6 29.Rc8 Rxc8
30.Rxc8+ Kh7 31.Bc3 Rb5 32.Rd8 Nc5 33.Bd4 Bb6 34.Rxd6 Bc7 35.Bxc5 Bxd6 36.Bxd6 g5
37.Ne2 Rxd5 38.Bb4 Rd3 39.g4 a5 40.Bc3 b6 41.a4 Kg6 42.h4 h5 43.hxg5 Kxg5
44.gxh5 Rd1 45.Ng3 f5 46.f4+ Kh6 47.Bf6 Rd5 48.Be5 b5 49.Nxf5+ Kxh5 50.Ne3 Rd2+
51.Kf3 bxa4 52.f5 a3 53.Nc4 Rd1 54.Nxa3 Rd3+ 55.Ke4 Rxa3 56.Kd5 Rf3 57.f6 Kg6
58.Ke4 Rf1 59.Kd3 Rc1 60.Bc3 a4 61.Kd2 Rb1 62.Kc2 Rb7 63.Bb2 Kf7 64.Kc1 Ke6
65.Kc2 Rf7 66.Kb1 Kd5 67.Ka2 Kc4 68.Ka3 Rh7 69.Be5 Kb5 70.Bd6 Rh3+ 71.Ka2 Rf3
72.Be7 Rf2+ 73.Ka3 Rf3+ 74.Ka2 Kc4 75.Bd8 a3 76.Be7 Kb5 77.Bxa3 Rxf6  1/2-1/2

[Event "Dombai Open 2013"]
[Site "Dombai RUS"]
[Date "2013.10.24"]
[Round "7.2"]
[White "Maletin,P"]
[Black "Gabrielian,A"]
[Result "0-1"]
[WhiteElo "2596"]
[BlackElo "2541"]

1.c4 e5 2.g3 Nf6 3.Bg2 Nc6 4.Nc3 Bb4 5.Nf3 O-O 6.O-O Bxc3 7.bxc3 e4 8.Ng5 Re8
9.f3 exf3 10.Nxf3 Qe7 11.e3 d6 12.Nd4 Ne5 13.d3 c5 14.Nf5 Bxf5 15.Rxf5 Rab8
16.a4 a6 17.e4 Nfd7 18.Rb1 Qd8 19.d4 Ng6 20.e5 dxe5 21.Rxb7 Rxb7 22.Bxb7 cxd4
23.cxd4 Qb6 24.Bd5 Nf6 25.Bg2 exd4 26.c5 Qe6 27.Rf1 Qc4 28.Bb2 d3 29.Bxf6 gxf6
30.c6 Ne5 31.Qd2 Nxc6 32.Qf2 Re6 33.g4 Qxg4 34.Kh1 Re2 35.Qg1 Nd4 36.Bf3 Qxg1+
37.Rxg1+ Kf8 38.Bxe2 dxe2 39.Re1 f5 40.Kg2 f4 41.Kf2 Ke7 42.Rc1 Kd6 43.a5 Kd5
44.h4 f3 45.h5 h6 46.Rc3 f5 47.Rc1 f4 48.Rc3 Ke4 49.Ke1 Nf5 50.Rc4+ Kd3 51.Ra4 Nh4  0-1

[Event "Dombai Open 2013"]
[Site "Dombai RUS"]
[Date "2013.10.26"]
[Round "9.2"]
[White "Maletin,P"]
[Black "Kovalenko,I"]
[Result "1-0"]
[WhiteElo "2596"]
[BlackElo "2644"]

1.c4 e5 2.g3 c6 3.d4 Bb4+ 4.Bd2 Bxd2+ 5.Qxd2 d6 6.Nc3 Nf6 7.Bg2 O-O 8.e3 Bg4
9.h3 Be6 10.Rd1 Qc8 11.b3 Na6 12.Nge2 h5 13.e4 c5 14.dxe5 dxe5 15.Qg5 Qc7
16.f4 Rad8 17.O-O Nb4 18.fxe5 Nh7 19.Qxh5 g6 20.Qh6 Qxe5 21.Qf4 Nc6 22.Nd5 Kg7
23.Qxe5+ Nxe5 24.Nef4 b6 25.Nxe6+ fxe6 26.Nf4 Rde8 27.Rd6 Rf6 28.h4 Nf8 29.Bh3 Nf7
30.Rd2 Ne5 31.g4 Rf7 32.g5 Nc6 33.Rd6 Nd4 34.Kg2 Rd7 35.Rxd7+ Nxd7 36.Nd3 Rh8
37.Rf4 a5 38.e5 Nf8 39.Rf6 a4 40.Nf4 axb3 41.axb3 Nc6 42.h5 gxh5 43.Nxe6+ Nxe6
44.Rxe6 Nd4 45.Rxb6 Re8 46.e6 Kg6 47.Rd6 Kxg5 48.b4 Kf6 49.b5 Ra8 50.Ra6 Rg8+
51.Kf2 Ke5 52.Ra7 Rf8+ 53.Rf7 Re8 54.Rd7 h4 55.Rd5+ Kf4 56.Rxc5 Ra8 57.e7 Ra2+
58.Ke1 Re2+ 59.Kd1 Rxe7 60.b6 Rb7 61.Rd5 Ke3 62.c5 Rb8 63.Bf1 Ne6 64.c6 Rxb6
65.Re5+ Kf2 66.Rxe6 Kxf1 67.c7 Rxe6 68.c8=Q Rd6+ 69.Kc2 Rd4 70.Qf5+ Kg2 71.Kc3 h3
72.Kxd4 h2 73.Qc2+ Kg1 74.Ke3  1-0

[Event "Scarborough Congress"]
[Site "Scarborough ENG"]
[Date "2013.10.26"]
[Round "3.4"]
[White "Walker,Da"]
[Black "Surtees,M"]
[Result "0-1"]
[WhiteElo "2259"]
[BlackElo "2091"]

1.c4 e5 2.g3 c6 3.d4 f6 4.Bg2 Na6 5.e3 Nh6 6.Ne2 d6 7.Nbc3 g6 8.O-O Nf7 9.Rb1 Bf5
10.e4 Bd7 11.Be3 Qc8 12.f4 Be7 13.Qd2 O-O 14.Kh1 f5 15.Rbd1 Rd8 16.Ng1 Qc7
17.Qf2 exd4 18.Bxd4 b6 19.exf5 Bxf5 20.Qf3 Bd7 21.Ne4 Nc5 22.Nf6+ Bxf6 23.Bxf6 Re8
24.b3 h6 25.Bb2 Kh7 26.Qc3 Rg8 27.Qf6 Be6 28.b4 Na4 29.Ba1 Rae8 30.Rfe1 Qd7
31.b5 cxb5 32.cxb5 d5 33.Nf3 Nc5 34.Qb2 Qc8 35.Re2 Ne4 36.Rc2 Qb8 37.Nd4 Bg4
38.Rf1 Nfd6 39.a4 Nc4 40.Qc1 Qd6 41.f5 g5 42.f6 Rgf8 43.Rxc4 dxc4 44.f7 Re7
45.Qxc4 Qg6 46.Nc6 Re6 47.Ne5 Rxe5 48.Bxe5 Nd2 49.Qb4 Rxf7 50.Rxf7+ Qxf7
51.Qxd2 Bf5 52.Bc3 Qb3 53.h3 Qxa4 54.Qd5 Kg6 55.Qg8+ Kh5  0-1

[Event "8th Herbstopen"]
[Site "Deizisau GER"]
[Date "2013.10.27"]
[Round "3.3"]
[White "Kaulich,P"]
[Black "Bozic,Mila"]
[Result "0-1"]
[WhiteElo "2095"]
[BlackElo "2408"]

1.g3 e5 2.c4 g6 3.Bg2 Bg7 4.Nc3 Nc6 5.Nf3 Nge7 6.O-O O-O 7.d3 d6 8.Bd2 h6
9.Rb1 Be6 10.b4 d5 11.b5 Nb8 12.cxd5 Nxd5 13.Qc2 Nd7 14.Rfc1 Rc8 15.Nxd5 Bxd5
16.Be3 c5 17.bxc6 Rxc6 18.Qd2 Ra6 19.Rc2 g5 20.Ne1 Nf6 21.Rb5 Qd7 22.Rcb2 b6
23.R5b4 Rc8 24.h4 Bxg2 25.Kxg2 Nd5 26.hxg5 Nxb4 27.Rxb4 Qd5+ 28.Nf3 Rxa2
29.Qe1 hxg5 30.Bxg5 Rcc2 31.Be3 Rxe2 32.Qc1 Rac2 33.Qd1 f5 34.Rc4 Rxc4 35.Qxe2 Rc3
36.d4 exd4 37.Bd2 Qe4  0-1

[Event "8th Herbstopen"]
[Site "Deizisau GER"]
[Date "2013.10.27"]
[Round "3.7"]
[White "Foisor,C"]
[Black "Hoeglauer,Patrick"]
[Result "1-0"]
[WhiteElo "2347"]
[BlackElo "1977"]

1.c4 e5 2.g3 Nc6 3.Bg2 Nf6 4.Nc3 Bb4 5.e3 Bxc3 6.dxc3 O-O 7.e4 h6 8.Ne2 d6
9.h3 b6 10.g4 Nd7 11.Ng3 Nc5 12.h4 Ne6 13.Nf5 Nf4 14.Qf3 Bxf5 15.exf5 Nxg2+
16.Qxg2 e4 17.Be3 Re8 18.O-O-O Qf6 19.Rd5 Ne5 20.Qxe4 Nd7 21.Qg2 c6 22.g5  1-0

[Event "14th Liberec Open"]
[Site "Liberec CZE"]
[Date "2013.11.01"]
[Round "8.1"]
[White "Golcman,E"]
[Black "Pribyl,Jo"]
[Result "1/2-1/2"]
[WhiteElo "2231"]
[BlackElo "2313"]

1.c4 e5 2.g3 Nc6 3.Bg2 g6 4.Nc3 Bg7 5.Nf3 d6 6.d3 Nf6 7.Bd2 O-O 8.Qc1 Nd4
9.O-O Bg4 10.Bh6 Nxf3+ 11.exf3 Bd7 12.Bxg7 Kxg7 13.f4 c6 14.Qe3 Re8 15.a4 Qc7  1/2-1/2

[Event "TCh-NED Meesterklasse 2013-14"]
[Site "Netherland NED"]
[Date "2013.11.02"]
[Round "2.8"]
[White "Erwich,Frank"]
[Black "Kevlishvili,Robby"]
[Result "1/2-1/2"]
[WhiteElo "2337"]
[BlackElo "2056"]

1.c4 e5 2.g3 Nf6 3.Bg2 d5 4.cxd5 Nxd5 5.Nc3 Nb6 6.Nf3 Nc6 7.Rb1 a5 8.d3 Be7
9.Be3 Be6 10.d4 Nd5 11.Nxd5 Bxd5 12.O-O e4 13.Nd2 f5 14.f3 exf3 15.Bxf3 Nb4
16.a3 Bxf3 17.Nxf3 Nd5 18.Qd3 O-O 19.Ne5 Qd6 20.Rbc1 Rad8 21.Bd2 Qe6 22.Rf3 c5
23.Rcf1 Nf6 24.Qxf5 Qxf5 25.Rxf5 Rxd4 26.Bxa5 Re4 27.Bc3 Rxe2 28.Nd3 Ne4
29.Rxf8+ Bxf8 30.Nf4 Nxc3 31.bxc3 Re3 32.Nd5 Rd3 33.c4 Rxa3 34.Rb1 Ra4 35.Rxb7 Rxc4
36.Nf4 Rb4 37.Rc7 Bd6 38.Rc6 Bxf4 39.gxf4 Rc4 40.Kg2 Kf7 41.Kf3 Rc2 42.h4 c4
43.h5 c3 44.h6 gxh6 45.Rxh6 Kg7 46.Rc6 Rc1 47.Kg2 c2 48.Kh2 h6 49.f5 h5 50.Kg2 h4
51.Kh2 h3 52.f6+ Kf7 53.Rc7+ Kxf6 54.Rc8 Ke6 55.Rc7 Kd5 56.Rc8 Kd4 57.Rd8+ Ke5
58.Rc8 Kd6 59.Rc3 Kd5 60.Rc8 Kd4 61.Rd8+ Ke3 62.Re8+ Kd2 63.Rd8+ Ke2 64.Re8+ Kd2  1/2-1/2